| 000 | 00707nam a22002177a 4500 | ||
|---|---|---|---|
| 999 |
_c14490 _d14490 |
||
| 003 | AR-CdUCM | ||
| 008 | 190423b ||||| |||| 00| 0 spa d | ||
| 020 | _a978-607-404-570-3 | ||
| 040 |
_aMUNICIPALIDAD PROVINCIAL DEL CUSCO _cBIBLIOTECA MUNICIPAL DEL CUSCO |
||
| 041 | _heng | ||
| 082 |
_aPI / 803 / _bP61 |
||
| 100 |
_aPiratta, Saviour _933297 |
||
| 245 | _aEl libro gigante de gigantes / | ||
| 260 |
_aMéxico : _bSilver Dolphin, _c2012. |
||
| 300 |
_a23 páginas ; _bIlustraciones, _c35 cm. _e1 gigante, |
||
| 650 |
_aLiteratura infantil _9588 |
||
| 650 |
_aCuento infantil _93319 |
||
| 700 |
_aCaballero Del Moral, Samantha (traducción) _932981 |
||
| 942 |
_2ddc _cLIBROS |
||
| 945 |
_aacv _d2019-04-23 |
||